<?xml version="1.0" encoding="UTF-8"?>
<record
    xmlns:xsi="http://www.w3.org/2001/XMLSchema-instance"
    xsi:schemaLocation="http://www.loc.gov/MARC21/slim http://www.loc.gov/standards/marcxml/schema/MARC21slim.xsd"
    xmlns="http://www.loc.gov/MARC21/slim">

  <leader>00684nam a22001937a 4500</leader>
  <datafield tag="999" ind1=" " ind2=" ">
    <subfield code="c">171003</subfield>
    <subfield code="d">171003</subfield>
  </datafield>
  <controlfield tag="005">20200102120418.0</controlfield>
  <datafield tag="010" ind1=" " ind2=" ">
    <subfield code="a">A-304873</subfield>
  </datafield>
  <datafield tag="020" ind1=" " ind2=" ">
    <subfield code="c">30.00</subfield>
  </datafield>
  <datafield tag="035" ind1=" " ind2=" ">
    <subfield code="a">A-304873</subfield>
  </datafield>
  <datafield tag="037" ind1=" " ind2=" ">
    <subfield code="b">BPPD/Pub.</subfield>
  </datafield>
  <datafield tag="082" ind1=" " ind2=" ">
    <subfield code="a">841.08</subfield>
  </datafield>
  <datafield tag="100" ind1=" " ind2=" ">
    <subfield code="a">&#x635;&#x628;&#x63A;&#x62A; &#x627;&#x644;&#x644;&#x6C1; &#x635;&#x6CC;&#x62F; &#x6CC;&#x642;&#x6CC;</subfield>
  </datafield>
  <datafield tag="245" ind1=" " ind2=" ">
    <subfield code="a">&#x646;&#x648;&#x627;&#x628; &#x645;&#x62D;&#x645;&#x62F; &#x645;&#x648;&#x635;&#x637;&#x641;&#x6C1; &#x62E;&#x627;&#x646; &#x62B;&#x6CC;&#x641;&#x62A;&#x6C1; &#x648; &#x62D;&#x633;&#x631;&#x62A;&#x6CC;: &#x627;&#x6CC;&#x6A9; &#x645;&#x637;&#x627;&#x644;&#x639;&#x6C1; /</subfield>
    <subfield code="c">&#x635;&#x628;&#x63A;&#x62A; &#x627;&#x644;&#x644;&#x6C1; &#x635;&#x6CC;&#x62F; &#x6CC;&#x642;&#x6CC;</subfield>
  </datafield>
  <datafield tag="246" ind1=" " ind2=" ">
    <subfield code="a">Nawab Mohammad Mustafa Khan Shefta-o-Hasrati (Urdu) /</subfield>
    <subfield code="b">by Sibghatullah Siddiqui</subfield>
  </datafield>
  <datafield tag="260" ind1=" " ind2=" ">
    <subfield code="a">Lucknow</subfield>
    <subfield code="b">Sibghatullah Siddiqui</subfield>
    <subfield code="c">1987 &#x621;</subfield>
  </datafield>
  <datafield tag="270" ind1=" " ind2=" ">
    <subfield code="a">Nazdeek Police Chowki</subfield>
    <subfield code="b">Lucknow</subfield>
  </datafield>
  <datafield tag="300" ind1=" " ind2=" ">
    <subfield code="a">158p.</subfield>
    <subfield code="c">19cm(Hb)</subfield>
  </datafield>
  <datafield tag="942" ind1=" " ind2=" ">
    <subfield code="2">ddc</subfield>
    <subfield code="c">UR</subfield>
    <subfield code="h">841.08</subfield>
    <subfield code="m">&#x635; &#x62F; &#x6CC;</subfield>
  </datafield>
  <datafield tag="952" ind1=" " ind2=" ">
    <subfield code="0">0</subfield>
    <subfield code="1">0</subfield>
    <subfield code="4">0</subfield>
    <subfield code="7">0</subfield>
    <subfield code="8">NFIC</subfield>
    <subfield code="a">L</subfield>
    <subfield code="b">L</subfield>
    <subfield code="d">2020-01-02</subfield>
    <subfield code="e">BPPD/Ven.</subfield>
    <subfield code="g">30.00</subfield>
    <subfield code="l">0</subfield>
    <subfield code="o">841.08 &#x635; &#x62F; &#x6CC;</subfield>
    <subfield code="p">A-304873</subfield>
    <subfield code="r">2020-01-02 00:00:00</subfield>
    <subfield code="t">1</subfield>
    <subfield code="v">30.00</subfield>
    <subfield code="w">2020-01-02</subfield>
    <subfield code="y">UR</subfield>
  </datafield>
</record>
